000
00329 a2200157 4500
001
56901
020
_a
8572081828
040
_c
Anchieta - Pituba
100
_a
Albergaria, Lino de
240
1
0
_a
Maria Poliana
_l
por
245
1
0
_a
Maria Poliana
300
_a
71
362
0
_a
1997
650
4
_a
Literatura juvenil
942
_c
BK
999
_c
56901
_d
56901